[Event "IECG WC.2004.T.00003 email"]
[Site "IECG email"]
[Date "2003.08.15"]
[Round "?"]
[White "Espindola, Carlos Alejandro"]
[Black "Peek, Marcel"]
[Result "0-1"]
[WhiteElo "2370"]
[BlackElo "2465"]
[PlyCount "92"]
[EventDate "2003.08.15"]
[EventType "tourn (corr)"]
[EventRounds "8"]
[SourceTitle "Corr 2008"]
[Source "ChessBase"]
[SourceDate "2008.06.24"]
[SourceVersion "1"]
[SourceVersionDate "2008.06.24"]
[SourceQuality "1"]

1. d4 d5 2. c4 Nc6 3. cxd5 Qxd5 4. e3 e5 5. Nc3 Bb4 6. Bd2 Bxc3 7. bxc3 Nf6 8. c4 Qd6 9. d5 Nb8 10. Qb1 Na6 11. Bd3 Nc5 12. Ne2 c6 13. Nc3 b5 14. cxb5 cxd5 15. 0-0 e4 16. Be2 h5 17. f3 exf3 18. Bxf3 Ng4 19. Bxg4 hxg4 20. g3 Nd7 21. e4 Qc5+ 22. Kh1 Qd4 23. Qe1 dxe4 24. Qxe4+ Qxe4+ 25. Nxe4 Bb7 26. Kg1 Bxe4 27. Rae1 f5 28. Rxf5 Nf6 29. Rxf6 gxf6 30. Rxe4+ Kf7 31. Rxg4 Rhd8 32. Be3 Rd3 33. Bd4 Rc8 34. Rf4 Rc1+ 35. Kg2 Rc2+ 36. Kh3 Rc4 37. Rxf6+ Ke7 38. Ba1 Rd1 39. Be5 Rc5 40. Bb2 Rc2 41. Be5 Rd5 42. Ba1 Rxa2 43. Ra6 Rxa6 44. bxa6 Ra5 45. Bd4 Rxa6 46. g4 Ra4 0-1

[Event "IECG WC.2004.T.00003 email"]
[Site "IECG email"]
[Date "2003.08.15"]
[Round "?"]
[White "Espindola, Carlos Alejandro"]
[Black "Soentges, Karl Heinz"]
[Result "1-0"]
[WhiteElo "2370"]
[BlackElo "2345"]
[PlyCount "39"]
[EventDate "2003.08.15"]
[EventType "tourn (corr)"]
[EventRounds "8"]
[SourceTitle "Corr 2008"]
[Source "ChessBase"]
[SourceDate "2008.06.24"]
[SourceVersion "1"]
[SourceVersionDate "2008.06.24"]
[SourceQuality "1"]

1. d4 d5 2. c4 c6 3. cxd5 cxd5 4. Nc3 Nf6 5. Nf3 Nc6 6. Bf4 Bf5 7. e3 Qb6 8. Qb3 Qxb3 9. axb3 e6 10. Bb5 Nd7 11. 0-0 a6 12. Be2 Rc8 13. Rfc1 Be7 14. Bg3 Nb4 15. Ne1 0-0 16. h3 h6 17. Na4 Nc2 18. Nxc2 Bxc2 19. Bd1 Bxd1 20. Rxd1 1-0

[Event "IECG WC.2005.S.00013 email"]
[Site "IECG email"]
[Date "2003.05.19"]
[Round "?"]
[White "Espindola, Carlos Alejandro"]
[Black "Bopp, Thomas"]
[Result "1/2-1/2"]
[WhiteElo "2371"]
[BlackElo "2135"]
[PlyCount "132"]
[EventDate "2003.05.19"]
[EventType "tourn (corr)"]
[EventRounds "10"]
[SourceTitle "Corr 2008"]
[Source "ChessBase"]
[SourceDate "2008.06.24"]
[SourceVersion "1"]
[SourceVersionDate "2008.06.24"]
[SourceQuality "1"]

1. d4 Nf6 2. c4 e6 3. Nc3 Bb4 4. e3 0-0 5. Bd3 d5 6. Nf3 dxc4 7. Bxc4 b6 8. 0-0 Bb7 9. a3 Bxc3 10. bxc3 c5 11. Re1 Qd6 12. a4 Nbd7 13. Ba3 Rfd8 14. Nd2 a6 15. f3 Qc7 16. Bd3 Bc6 17. Qc2 Rdc8 18. e4 cxd4 19. cxd4 Qd8 20. Qb3 Ne8 21. e5 Qh4 22. Ne4 b5 23. axb5 Bxb5 24. g3 Qh5 25. Bxb5 axb5 26. Qxb5 Rc2 27. Re2 Nc7 28. Qd3 Rxe2 29. Qxe2 Nd5 30. Qd3 N7b6 31. Rb1 h6 32. Rb3 Qf5 33. Qb1 Qg6 34. Qc1 Qh5 35. Nd6 Qg6 36. Bc5 Nd7 37. Ne4 Qh5 38. Bd6 N7b6 39. h4 Rc8 40. Bc5 Nd7 41. Nd6 Ra8 42. Qb2 f6 43. exf6 N5xf6 44. Qc2 Qd5 45. Kh2 Ne8 46. Nxe8 Rxe8 47. Rc3 e5 48. dxe5 Ra8 49. Ba3 Nxe5 50. Qb3 Qxb3 51. Rxb3 g5 52. g4 Ng6 53. hxg5 hxg5 54. Bc1 Ra5 55. Kg3 Kf7 56. Rb7+ Kf6 57. Rb6+ Kf7 58. Rb7+ Kf6 59. Rb4 Kf7 60. Rb6 Nf8 61. Rb7+ Kg6 62. Rb4 Ne6 63. Rb6 Kf7 64. Rb7+ Kg6 65. Rb6 Kf7 66. Rb7+ Kg6 1/2-1/2

[Event "IECG WC.2005.S.00013 email"]
[Site "IECG email"]
[Date "2003.05.19"]
[Round "?"]
[White "Espindola, Carlos Alejandro"]
[Black "Bourquin, Pascal"]
[Result "1/2-1/2"]
[WhiteElo "2371"]
[BlackElo "2334"]
[PlyCount "43"]
[EventDate "2003.05.19"]
[EventType "tourn (corr)"]
[EventRounds "10"]
[SourceTitle "Corr 2008"]
[Source "ChessBase"]
[SourceDate "2008.06.24"]
[SourceVersion "1"]
[SourceVersionDate "2008.06.24"]
[SourceQuality "1"]

1. d4 Nf6 2. c4 c5 3. d5 b5 4. cxb5 a6 5. b6 a5 6. Nc3 Ba6 7. f4 Qxb6 8. Nf3 e6 9. e4 Bxf1 10. Kxf1 c4 11. e5 Nxd5 12. Nxd5 exd5 13. Qxd5 Qc6 14. Qxc6 Nxc6 15. Nd2 f6 16. Nxc4 fxe5 17. fxe5 Bc5 18. Ke2 0-0 19. Be3 Bxe3 20. Kxe3 Rae8 21. Rhf1 Rxf1 22. Rxf1 1/2-1/2

[Event "IECG WC.2005.S.00013 email"]
[Site "IECG email"]
[Date "2003.05.19"]
[Round "?"]
[White "Espindola, Carlos Alejandro"]
[Black "Vaczi, Imre"]
[Result "1/2-1/2"]
[WhiteElo "2371"]
[BlackElo "2130"]
[PlyCount "46"]
[EventDate "2003.05.19"]
[EventType "tourn (corr)"]
[EventRounds "10"]
[SourceTitle "Corr 2008"]
[Source "ChessBase"]
[SourceDate "2008.06.24"]
[SourceVersion "1"]
[SourceVersionDate "2008.06.24"]
[SourceQuality "1"]

1. d4 Nf6 2. c4 c5 3. d5 e6 4. Nc3 exd5 5. cxd5 d6 6. e4 g6 7. f4 Bg7 8. Bb5+ Nfd7 9. a4 0-0 10. Nf3 Na6 11. 0-0 Nc7 12. Bd3 b6 13. Re1 Qe7 14. Nb5 Nxb5 15. axb5 Re8 16. Bc4 Bb7 17. Ra3 Qf6 18. Qc2 Qd8 19. Bd2 Qf6 20. Ra2 Qe7 21. Ra3 Qf6 22. Ra2 Qe7 23. Ra3 Qf6 1/2-1/2

[Event "IECG WC.2005.S.00013 email"]
[Site "IECG email"]
[Date "2003.05.19"]
[Round "?"]
[White "Hnatovsky, Nicholas"]
[Black "Espindola, Carlos Alejandro"]
[Result "1/2-1/2"]
[WhiteElo "2286"]
[BlackElo "2371"]
[PlyCount "47"]
[EventDate "2003.05.19"]
[EventType "tourn (corr)"]
[EventRounds "10"]
[SourceTitle "Corr 2008"]
[Source "ChessBase"]
[SourceDate "2008.06.24"]
[SourceVersion "1"]
[SourceVersionDate "2008.06.24"]
[SourceQuality "1"]

1. d4 Nf6 2. Nf3 d5 3. c4 c6 4. e3 Bf5 5. Nc3 e6 6. Nh4 Be4 7. f3 Bg6 8. Qb3 Qb6 9. Nxg6 hxg6 10. Bd2 Nbd7 11. g3 Bd6 12. Kf2 Qxb3 13. axb3 a6 14. Kg2 Bb4 15. g4 Rd8 16. g5 Ng8 17. f4 Ne7 18. c5 Nf5 19. Bd3 f6 20. h4 Kf7 21. Bxf5 exf5 22. Nb1 Bxd2 23. Nxd2 Rde8 24. Kf2 1/2-1/2

[Event "IECG WC.2005.S.00013 email"]
[Site "IECG email"]
[Date "2003.05.19"]
[Round "?"]
[White "Koch, Christian"]
[Black "Espindola, Carlos Alejandro"]
[Result "1-0"]
[WhiteElo "2236"]
[BlackElo "2371"]
[PlyCount "56"]
[EventDate "2003.05.19"]
[EventType "tourn (corr)"]
[EventRounds "10"]
[SourceTitle "Corr 2008"]
[Source "ChessBase"]
[SourceDate "2008.06.24"]
[SourceVersion "1"]
[SourceVersionDate "2008.06.24"]
[SourceQuality "1"]

1. e4 c6 2. d4 d5 3. e5 Bf5 4. Nf3 e6 5. Be2 Ne7 6. 0-0 h6 7. Nbd2 Nd7 8. Re1 a6 9. c3 Ng6 10. Nf1 Be7 11. Ne3 Be4 12. Nd2 Nf4 13. Nxe4 dxe4 14. Nc2 Nxe2+ 15. Qxe2 Nf8 16. Qxe4 Qd5 17. Qd3 Ng6 18. f4 Rd8 19. Ne3 Qd7 20. f5 Nh4 21. Rf1 exf5 22. g3 f4 23. Rxf4 Ng6 24. Rf2 0-0 25. Qf5 Qxf5 26. Nxf5 Rfe8 27. Be3 Nf8 28. Kg2 f6 1-0

[Event "IECG WC.2003.T.00003 email"]
[Site "IECG email"]
[Date "2002.08.04"]
[Round "?"]
[White "Bubir, Alex Nikolaevich"]
[Black "Espindola, Carlos Alejandro"]
[Result "1/2-1/2"]
[WhiteElo "2371"]
[BlackElo "2410"]
[PlyCount "63"]
[EventDate "2002.08.04"]
[EventType "tourn (corr)"]
[EventRounds "10"]
[SourceTitle "Corr 2008"]
[Source "ChessBase"]
[SourceDate "2008.06.24"]
[SourceVersion "1"]
[SourceVersionDate "2008.06.24"]
[SourceQuality "1"]

1. e4 c6 2. d4 d5 3. e5 Bf5 4. Nf3 e6 5. Be2 c5 6. 0-0 Nc6 7. c3 cxd4 8. cxd4 Nge7 9. Nc3 Nc8 10. Be3 Be7 11. Rc1 Nb6 12. Na4 Nxa4 13. Qxa4 0-0 14. Rc3 a6 15. Rfc1 f6 16. Qd1 Be4 17. exf6 Bxf6 18. Qd2 h6 19. a3 Qe8 20. Qd1 Qg6 21. Ne1 Bg5 22. Bf3 Bxe3 23. fxe3 e5 24. Bxe4 dxe4 25. Nc2 Rad8 26. Qe2 exd4 27. Qc4+ Kh8 28. exd4 Rd6 29. Rg3 Qf6 30. Rf1 Qxf1+ 31. Qxf1 Rxf1+ 32. Kxf1 1/2-1/2

[Event "IECG WC.2003.T.00003 email"]
[Site "IECG email"]
[Date "2002.08.04"]
[Round "?"]
[White "Espindola, Carlos Alejandro"]
[Black "Sander, Ingo"]
[Result "1/2-1/2"]
[WhiteElo "2410"]
[BlackElo "2208"]
[PlyCount "34"]
[EventDate "2002.08.04"]
[EventType "tourn (corr)"]
[EventRounds "10"]
[SourceTitle "Corr 2008"]
[Source "ChessBase"]
[SourceDate "2008.06.24"]
[SourceVersion "1"]
[SourceVersionDate "2008.06.24"]
[SourceQuality "1"]

1. e4 c6 2. d4 d5 3. Nd2 dxe4 4. Nxe4 Bf5 5. Ng3 Bg6 6. h4 h6 7. Nf3 Nd7 8. h5 Bh7 9. Bd3 Bxd3 10. Qxd3 e6 11. Bd2 Ngf6 12. 0-0-0 Be7 13. Ne4 0-0 14. Kb1 c5 15. dxc5 Nxc5 16. Nxf6+ Bxf6 17. Qxd8 Rfxd8 1/2-1/2

[Event "IECG WC.2003.T.00003 email"]
[Site "IECG email"]
[Date "2002.08.04"]
[Round "?"]
[White "Sidenko, Anatoly Viktorovich"]
[Black "Espindola, Carlos Alejandro"]
[Result "1-0"]
[WhiteElo "2283"]
[BlackElo "2410"]
[PlyCount "113"]
[EventDate "2002.08.04"]
[EventType "tourn (corr)"]
[EventRounds "10"]
[SourceTitle "Corr 2008"]
[Source "ChessBase"]
[SourceDate "2008.06.24"]
[SourceVersion "1"]
[SourceVersionDate "2008.06.24"]
[SourceQuality "1"]

1. d4 Nf6 2. c4 g6 3. Nc3 Bg7 4. e4 d6 5. Nf3 0-0 6. h3 e5 7. d5 Na6 8. Bg5 h6 9. Be3 Nc5 10. Nd2 a5 11. g4 Bd7 12. Qe2 a4 13. 0-0-0 c6 14. Kb1 Qa5 15. a3 cxd5 16. cxd5 b5 17. f3 Rfb8 18. Na2 Rc8 19. h4 h5 20. Bg5 Nxg4 21. fxg4 Bxg4 22. Qe1 Bxd1 23. Qxd1 Na6 24. Bd3 Ra7 25. Qe2 Rb7 26. Nf3 Qb6 27. Rf1 Nc5 28. Nb4 Nxd3 29. Qxd3 Qc7 30. Nc6 Bf8 31. Ne1 Qd7 32. Nc2 Qe8 33. Qf3 Kh7 34. Ne3 Rbc7 35. Rg1 Rb7 36. Nf5 f6 37. Bxf6 Qf7 38. Bxe5 b4 39. axb4 Re8 40. Bc3 Bh6 41. Ncd4 gxf5 42. Ne6 Rg8 43. Rxg8 Kxg8 44. Qg2+ Kh7 45. Nd8 Qd7 46. Nxb7 Qxb7 47. exf5 Qf7 48. Qe4 Kg8 49. b5 Be3 50. Qxe3 Qxf5+ 51. Ka1 Qf1+ 52. Qe1 Qxb5 53. Qe6+ Kf8 54. Qxd6+ Kf7 55. Qe6+ Kf8 56. Qf5+ Ke8 57. Qxh5+ 1-0

[Event "IECG WC.2004.S.00010 email"]
[Site "IECG email"]
[Date "2002.05.08"]
[Round "?"]
[White "Espindola, Carlos Alejandro"]
[Black "Raleus, Dahn"]
[Result "1-0"]
[WhiteElo "2425"]
[BlackElo "2068"]
[PlyCount "51"]
[EventDate "2002.05.08"]
[EventType "tourn (corr)"]
[EventRounds "8"]
[SourceTitle "Corr 2008"]
[Source "ChessBase"]
[SourceDate "2008.06.24"]
[SourceVersion "1"]
[SourceVersionDate "2008.06.24"]
[SourceQuality "1"]

1. d4 Nf6 2. c4 c5 3. d5 b5 4. Nf3 g6 5. Qc2 bxc4 6. e4 Bg7 7. Bxc4 d6 8. 0-0 0-0 9. h3 Nbd7 10. Na3 Nb6 11. Rd1 Rb8 12. Bd3 Ne8 13. Nb5 Qd7 14. Nc3 Nc7 15. a4 a5 16. Bb5 Nxb5 17. axb5 Ra8 18. Ra3 Bb7 19. Qd3 a4 20. Nd2 f5 21. Nc4 Nxc4 22. Qxc4 fxe4 23. Qxe4 Qf5 24. Qe2 Qf7 25. Qe1 Rfe8 26. Qe6 1-0

[Event "IECG WC.2004.S.00010 email"]
[Site "IECG email"]
[Date "2002.05.08"]
[Round "?"]
[White "Hameister, Raik"]
[Black "Espindola, Carlos Alejandro"]
[Result "1/2-1/2"]
[WhiteElo "2264"]
[BlackElo "2425"]
[PlyCount "92"]
[EventDate "2002.05.08"]
[EventType "tourn (corr)"]
[EventRounds "8"]
[SourceTitle "Corr 2008"]
[Source "ChessBase"]
[SourceDate "2008.06.24"]
[SourceVersion "1"]
[SourceVersionDate "2008.06.24"]
[SourceQuality "1"]

1. e4 c6 2. d4 d5 3. e5 Bf5 4. Nf3 e6 5. Be2 Ne7 6. 0-0 Nd7 7. Be3 Bg4 8. Nbd2 Nf5 9. Bf4 Be7 10. c3 g5 11. Be3 Nxe3 12. fxe3 Qb6 13. Nb3 h5 14. a4 a5 15. Nfd2 Bxe2 16. Qxe2 g4 17. e4 Rg8 18. Rae1 Rg7 19. exd5 cxd5 20. c4 dxc4 21. Qxc4 h4 22. Re4 Qa6 23. Qc2 h3 24. Rff4 Bg5 25. Rf2 Be7 26. g3 b5 27. axb5 Qxb5 28. Nc4 a4 29. Nbd2 Nb6 30. Nxb6 Qxb6 31. Nc4 Qb7 32. Ref4 Qa6 33. Qe2 Kf8 34. Qf1 Kg8 35. Rxf7 Rxf7 36. Rxf7 Rf8 37. Rxf8+ Bxf8 38. Ne3 Qb6 39. Qc4 Kf7 40. Qc3 Qb7 41. Qc2 Qb4 42. Qf2+ Ke8 43. Nxg4 Kd8 44. Ne3 Be7 45. Nd1 Qc4 46. Qd2 Bb4 1/2-1/2

[Event "IECG WC.2001.F.00001 email"]
[Site "IECG email"]
[Date "2001.12.15"]
[Round "?"]
[White "Copie, Jose Antonio"]
[Black "Espindola, Carlos Alejandro"]
[Result "1/2-1/2"]
[WhiteElo "2556"]
[BlackElo "2431"]
[PlyCount "81"]
[EventDate "2001.12.15"]
[EventType "tourn (corr)"]
[EventRounds "14"]
[SourceTitle "Corr 2008"]
[Source "ChessBase"]
[SourceDate "2008.06.24"]
[SourceVersion "1"]
[SourceVersionDate "2008.06.24"]
[SourceQuality "1"]

1. e4 c6 2. d4 d5 3. Nd2 dxe4 4. Nxe4 Bf5 5. Ng3 Bg6 6. h4 h6 7. Nf3 Nd7 8. h5 Bh7 9. Bd3 Bxd3 10. Qxd3 e6 11. Bd2 Ngf6 12. 0-0-0 Qc7 13. Ne4 0-0-0 14. g3 Nc5 15. Nxc5 Bxc5 16. c4 Bb6 17. Bc3 Rhe8 18. Kb1 a6 19. Qc2 Re7 20. c5 Ba7 21. Ne5 Rd5 22. Qe2 Qd8 23. Nc4 Kb8 24. f4 Ka8 25. g4 Qb8 26. Rhf1 Qg8 27. Ka1 Qh7 28. Rde1 Qg8 29. a3 Rd8 30. g5 Nd5 31. Qg4 f5 32. Qh4 Nxc3 33. bxc3 e5 34. Na5 Bb6 35. cxb6 Qd5 36. fxe5 Qxa5 37. Kb2 c5 38. gxh6 cxd4 39. Qxe7 Qxc3+ 40. Kb1 Qb3+ 41. Ka1 1/2-1/2

[Event "IECG WC.2001.F.00001 email"]
[Site "IECG email"]
[Date "2001.12.15"]
[Round "?"]
[White "Espindola, Carlos Alejandro"]
[Black "Braakhuis, Wilfried FR"]
[Result "1/2-1/2"]
[WhiteElo "2431"]
[BlackElo "2322"]
[PlyCount "61"]
[EventDate "2001.12.15"]
[EventType "tourn (corr)"]
[EventRounds "14"]
[SourceTitle "Corr 2008"]
[Source "ChessBase"]
[SourceDate "2008.06.24"]
[SourceVersion "1"]
[SourceVersionDate "2008.06.24"]
[SourceQuality "1"]

1. e4 c5 2. Nf3 d6 3. d4 cxd4 4. Nxd4 Nf6 5. Nc3 Nc6 6. Bg5 e6 7. f4 Be7 8. Qd2 0-0 9. 0-0-0 d5 10. e5 Nd7 11. Bxe7 Qxe7 12. Nf3 a6 13. Bd3 b5 14. Qe3 f6 15. exf6 Nxf6 16. Rhe1 Qc7 17. Kb1 Qa7 18. Qxa7 Rxa7 19. a3 Re7 20. g3 Rfe8 21. h3 Bb7 22. g4 g6 23. Bf1 Kg7 24. Bg2 h6 25. Nh4 Rd8 26. Bh1 g5 27. fxg5 hxg5 28. Nf3 Nh7 29. Bg2 Ree8 30. Kc1 Kf6 31. Rd2 1/2-1/2

[Event "IECG CM.2001.0.00158"]
[Site "IECG email"]
[Date "2001.10.22"]
[Round "?"]
[White "Sacerdotali, Sergio"]
[Black "Espindola, Carlos Alejandro"]
[Result "1/2-1/2"]
[WhiteElo "2295"]
[BlackElo "2435"]
[PlyCount "138"]
[EventDate "2001.10.22"]
[EventType "tourn (corr)"]
[EventRounds "6"]
[SourceTitle "Corr 2008"]
[Source "ChessBase"]
[SourceDate "2008.06.24"]
[SourceVersion "1"]
[SourceVersionDate "2008.06.24"]
[SourceQuality "1"]

1. e4 c6 2. d4 d5 3. exd5 cxd5 4. c4 Nf6 5. Nc3 e6 6. Nf3 Bb4 7. cxd5 Nxd5 8. Qc2 Nc6 9. Be2 0-0 10. 0-0 Be7 11. a3 Nxc3 12. bxc3 b6 13. Bd3 h6 14. Qe2 Qc7 15. Re1 Bd7 16. Bb2 Rac8 17. Rab1 Bd6 18. Qe4 f5 19. Qe2 Rfe8 20. Ba6 Rcd8 21. c4 Nb8 22. Bb5 a6 23. Bxd7 Nxd7 24. Qc2 Nf6 25. Qb3 Ne4 26. Rbc1 Rc8 27. Rc2 Qd7 28. a4 Rc6 29. Ba3 Bc7 30. g3 Bb8 31. Rd1 Kh7 32. Rcc1 Rd8 33. h3 Qe8 34. Kg2 Rcc8 35. Ne5 Bxe5 36. dxe5 Qc6 37. f3 Rd2+ 38. Rxd2 Nxd2 39. Qd3 Nxc4 40. g4 g6 41. a5 bxa5 42. Kg3 fxg4 43. hxg4 Qd5 44. Qe2 Rc6 45. Bb2 Nxb2 46. Rxc6 Qxc6 47. Qxb2 Qc7 48. Qd4 Kg7 49. Qf4 Qd8 50. Qc4 Qd7 51. Qxa6 a4 52. Qc4 h5 53. gxh5 gxh5 54. Qc5 Qd8 55. Qa7+ Kg6 56. Qxa4 Qg5+ 57. Kh3 Qxe5 58. Qe8+ Kg5 59. Qg8+ Kf4 60. Qg3+ Kf5 61. Qg8 Qf6 62. Qg1 Qc3 63. Qb1+ Kf6 64. Qd1 Kg5 65. Qd8+ Qf6 66. Qd2+ Kg6 67. Qe3 Kg7 68. Qd3 Kh6 69. Qe4 Qf5+ 1/2-1/2

[Event "IECG CM.2001.0.00158"]
[Site "IECG email"]
[Date "2001.10.22"]
[Round "?"]
[White "Zawadka, Andrzej"]
[Black "Espindola, Carlos Alejandro"]
[Result "1/2-1/2"]
[WhiteElo "2399"]
[BlackElo "2435"]
[PlyCount "78"]
[EventDate "2001.10.22"]
[EventType "tourn (corr)"]
[EventRounds "6"]
[SourceTitle "Corr 2008"]
[Source "ChessBase"]
[SourceDate "2008.06.24"]
[SourceVersion "1"]
[SourceVersionDate "2008.06.24"]
[SourceQuality "1"]

1. d4 Nf6 2. Bg5 Ne4 3. Bf4 c5 4. f3 Qa5+ 5. c3 Nf6 6. Nd2 cxd4 7. Nb3 Qf5 8. Bxb8 Rxb8 9. Qxd4 b6 10. e4 Qf4 11. Nh3 Qc7 12. e5 Ng8 13. 0-0-0 e6 14. f4 f5 15. Be2 Nh6 16. Rhg1 Bb7 17. Bb5 Bd5 18. Qa4 a6 19. Rxd5 exd5 20. Qxa6 Bc5 21. Rd1 Ke7 22. Nxc5 Qxc5 23. Qa4 Ng4 24. Rd4 Rhc8 25. Kb1 Ra8 26. Qb3 Ne3 27. Nf2 Ra5 28. a4 Nc4 29. Bxc4 dxc4 30. Qd1 Qc6 31. Qh5 h6 32. Qxf5 Rf8 33. Qg4 g5 34. g3 Rd5 35. Qd1 Rxd4 36. Qxd4 gxf4 37. gxf4 Qe6 38. h3 Ra8 39. Ne4 Rxa4 1/2-1/2

[Event "IECG CM.2001.0.00143"]
[Site "IECG email"]
[Date "2001.05.20"]
[Round "?"]
[White "Espindola, Carlos Alejandro"]
[Black "Galvin, Richard"]
[Result "1/2-1/2"]
[WhiteElo "2439"]
[BlackElo "2616"]
[PlyCount "67"]
[EventDate "2001.05.20"]
[EventType "tourn (corr)"]
[EventRounds "6"]
[SourceTitle "Corr 2008"]
[Source "ChessBase"]
[SourceDate "2008.06.24"]
[SourceVersion "1"]
[SourceVersionDate "2008.06.24"]
[SourceQuality "1"]

1. d4 Nf6 2. c4 g6 3. Nc3 Bg7 4. e4 d6 5. Nf3 0-0 6. Be2 Na6 7. 0-0 e5 8. Be3 Ng4 9. Bg5 Qe8 10. dxe5 h6 11. Bc1 dxe5 12. h3 Nf6 13. Be3 Qe7 14. Nd5 Qd8 15. Nxf6+ Qxf6 16. Qc1 Kh7 17. Rd1 b6 18. c5 Nxc5 19. Bxc5 bxc5 20. Qxc5 Qf4 21. Nd2 Be6 22. Qc2 Rad8 23. Nb3 Qg5 24. Qc3 f5 25. Nc5 Bc8 26. Bc4 Rd6 27. Qa5 f4 28. h4 Qxh4 29. Qxc7 Rd4 30. Rxd4 exd4 31. f3 a6 32. Rd1 Bh3 33. Bf1 Rc8 34. Qa7 1/2-1/2

[Event "IECG CM.2001.0.00143"]
[Site "IECG email"]
[Date "2001.05.20"]
[Round "?"]
[White "Gutsche, Dieter"]
[Black "Espindola, Carlos Alejandro"]
[Result "1/2-1/2"]
[WhiteElo "2418"]
[BlackElo "2439"]
[PlyCount "41"]
[EventDate "2001.05.20"]
[EventType "tourn (corr)"]
[EventRounds "6"]
[SourceTitle "Corr 2008"]
[Source "ChessBase"]
[SourceDate "2008.06.24"]
[SourceVersion "1"]
[SourceVersionDate "2008.06.24"]
[SourceQuality "1"]

1. e4 c6 2. d4 d5 3. e5 Bf5 4. Nc3 e6 5. g4 Bg6 6. Nge2 Ne7 7. Nf4 Nd7 8. h4 h6 9. Nxg6 Nxg6 10. h5 Ne7 11. Be3 c5 12. f4 Nc6 13. dxc5 Bxc5 14. Bxc5 Nxc5 15. Qf3 Qa5 16. 0-0-0 Rc8 17. Bb5 a6 18. Bxc6+ Rxc6 19. Rhf1 Na4 20. Nxa4 Qxa4 21. Qb3 1/2-1/2

[Event "IECG CM.2001.0.00143"]
[Site "IECG email"]
[Date "2001.05.20"]
[Round "?"]
[White "Matic, Davor"]
[Black "Espindola, Carlos Alejandro"]
[Result "1/2-1/2"]
[WhiteElo "2380"]
[BlackElo "2439"]
[PlyCount "87"]
[EventDate "2001.05.20"]
[EventType "tourn (corr)"]
[EventRounds "6"]
[SourceTitle "Corr 2008"]
[Source "ChessBase"]
[SourceDate "2008.06.24"]
[SourceVersion "1"]
[SourceVersionDate "2008.06.24"]
[SourceQuality "1"]

1. e4 c6 2. d4 d5 3. exd5 cxd5 4. c4 Nf6 5. Nc3 e6 6. Nf3 Bb4 7. cxd5 Nxd5 8. Bd2 Nc6 9. Bd3 0-0 10. 0-0 Be7 11. Qe2 Nf6 12. Ne4 Qb6 13. a3 Bd7 14. Rfd1 Rad8 15. b4 Nxe4 16. Qxe4 f5 17. Qf4 Bf6 18. Bc3 Ne7 19. Qg3 Nd5 20. Bb2 a5 21. Ne5 axb4 22. axb4 Rfe8 23. Nc4 Qxb4 24. Ba3 Qc3 25. Nd6 Bxd4 26. Nxe8 Be5 27. Nf6+ Nxf6 28. Qh4 Rc8 29. Be7 Qxa1 30. Rxa1 Bxa1 31. Qb4 Rc1+ 32. Bf1 Ne4 33. g4 Bc6 34. f3 Bc3 35. Qc4 Rxf1+ 36. Qxf1 Nd2 37. Qc1 Nxf3+ 38. Kf2 Bd4+ 39. Ke2 Kf7 40. Bc5 Be5 41. gxf5 exf5 42. Qc4+ Kg6 43. Qe6+ Kg5 44. Qg8 1/2-1/2

[Event "IECG CM.2001.0.00138"]
[Site "IECG email"]
[Date "2001.04.15"]
[Round "?"]
[White "Caldwell, Justin"]
[Black "Espindola, Carlos Alejandro"]
[Result "1/2-1/2"]
[WhiteElo "2391"]
[BlackElo "2439"]
[PlyCount "55"]
[EventDate "2001.04.15"]
[EventType "tourn (corr)"]
[EventRounds "6"]
[SourceTitle "Corr 2008"]
[Source "ChessBase"]
[SourceDate "2008.06.24"]
[SourceVersion "1"]
[SourceVersionDate "2008.06.24"]
[SourceQuality "1"]

1. d4 Nf6 2. c4 g6 3. Nc3 d5 4. cxd5 Nxd5 5. e4 Nxc3 6. bxc3 Bg7 7. Nf3 c5 8. Rb1 0-0 9. Be2 cxd4 10. cxd4 Qa5+ 11. Bd2 Qxa2 12. 0-0 Bg4 13. Bg5 Qe6 14. h3 Bxf3 15. Bxf3 Qd7 16. d5 Na6 17. Qe2 Nc5 18. e5 b6 19. d6 exd6 20. Bxa8 Rxa8 21. exd6 Qxd6 22. Rfe1 Qd5 23. Be3 Bf8 24. Rbd1 Qe6 25. Qb2 Qc6 26. Re2 Na4 27. Qb3 Nc5 28. Qc3 1/2-1/2

[Event "IECC CL1-2000.27"]
[Site "IECC email"]
[Date "2000.11.05"]
[Round "?"]
[White "Espindola, Carlos Alejandro"]
[Black "Benatar, Eric"]
[Result "1/2-1/2"]
[WhiteElo "2423"]
[BlackElo "2262"]
[PlyCount "119"]
[EventDate "2000.??.??"]
[EventType "tourn (corr)"]
[EventRounds "4"]
[SourceTitle "Corr 2008"]
[Source "ChessBase"]
[SourceDate "2008.06.24"]
[SourceVersion "1"]
[SourceVersionDate "2008.06.24"]
[SourceQuality "1"]

1. d4 Nf6 2. c4 e6 3. Nc3 Bb4 4. Qc2 b6 5. e4 Bb7 6. Bd3 c5 7. d5 b5 8. b3 Bxc3+ 9. Qxc3 0-0 10. e5 exd5 11. exf6 dxc4 12. Bxh7+ Kxh7 13. Qh3+ Kg8 14. fxg7 Re8+ 15. Ne2 f6 16. Qh8+ Kf7 17. Qh7 Rg8 18. Qh5+ Ke7 19. Qxc5+ d6 20. Qxb5 Qd7 21. Qxc4 Nc6 22. Qb5 Rxg7 23. Ng3 Nd4 24. Qxd7+ Kxd7 25. Kf1 Re8 26. Be3 Nc2 27. Rd1 Rxe3 28. fxe3 Nxe3+ 29. Kf2 Ng4+ 30. Kg1 Ne3 31. Rd2 f5 32. Rf2 Rg8 33. a3 a6 34. b4 Rg5 35. a4 Ke6 36. Ne2 Ke5 37. h4 Rg8 38. Rh3 Nxg2 39. Kf1 f4 40. h5 Ne3+ 41. Ke1 Bc8 42. Rhf3 Ng4 43. Nxf4 Nxf2 44. Ng6+ Ke6 45. Rxf2 Bb7 46. Rf4 Bc6 47. a5 Be8 48. Rf8 Rxf8 49. Nxf8+ Kf7 50. Ng6 Kg7 51. Ke2 Kh6 52. Nf4 Bc6 53. Kd3 Kg5 54. Kd4 Bb7 55. Ne6+ Kxh5 56. Nc7 Kg5 57. Nxa6 Bxa6 58. Kd5 Kf6 59. Kxd6 Kf7 60. Kc6 1/2-1/2